00473nam a2200181Ia 4500003000400000005001700004008004000021020001800061040000700079041001200086082001300098100002200111245006200133250000700195260005200202300001300254700002400267OSt20240415125329.0210210b2017 xxu||||| |||| 00| 0 eng d a9789332584846 cAL aEnglish a157 SARA aSARASON (Irwin G) aAbnormal psychology: the problem of maladaptive behaviour a11 aUttar pradeshbPearson Education Pvt Ltd.c2017 axxii,695 aSARASON (Barbara R)